100 QUOTES - Harry Potter and the Half-Blood Prince - Statistics

General Stats
  • This quiz has been taken 263 times
  • The average score is 68 of 100
Answer Stats
Quote Character % Correct
Is it me or do Draco and mommy look like two people who don't want to be followed? Ron
95%
Merlin's beard. No need to disfigure me, Albus. Slughorn
95%
Oh, unpleasant to behold, isn't it? The tale is thrilling, if I say so myself, but now is not the time to tell it. Take my arm. Do as I say. Dumbledore
92%
Professor Flitwick, you've know me for five years. Harry
92%
No, the instructions specifically say to cut. Hermione
92%
I think, Miss Bell is lucky to be alive. Snape
92%
Severus. Please. Dumbledore
89%
Every day, every hour, this very minute perhaps, dark forces attempt to penetrate this castle's walls. But in the end, their greatest weapon is you. Dumbledore
89%
Why is it when something happens it is always you three? McGonagall
89%
Didn't mommy ever tell you it was rude to eavesdrop, Potter? Petrificus Totalus! Draco
86%
I think she just went to powder her nose. Harry
86%
Hundred and fifty? Give or take a few years. Ron
86%
Cissy, you can't do this, he can't be trusted. Bellatrix
84%
Take your hands off me, filthy squibb! Draco
84%
This memory is everything. Without it, we are blind. Without it, we leave the fate of our world to chance. Dumbledore
84%
I think there's something in your wardrobe trying to get out, Tom. Dumbledore
84%
He's covered in blood again. Why is it he's always covered in blood? Ginny
84%
What's the matter with Wenby? Slughorn
84%
If the Dark Lord has forbidden it, you ought not to speak. Put it down, Bella. We mustn's touch what isn't ours. Snape
84%
Don't get me wrong, I'm bloody thrilled to be shot of her. It's just he seems a bit put out. Ron
81%
Oh, bloody hell. Slick git. Ron
81%
Oh, to be young and to feel love's keen sting. Dumbledore
78%
Well, being me has its privileges. Dumbledore
78%
For example I smell freshly mown grass and new parchment and spearmint toothpaste. Hermione
78%
He's been poisoned, you daft dimbo! Hermione
78%
I sleepwalk, you see. That's why I wear shoes to bed. Luna
78%
These girls, they're going to kill me. Ron
78%
It's no joke! I'm in love with her! Ron
78%
But I'm dead awful at potions, a menace, actually. So, I'm probably just gonna... Ron
78%
Dumbledore put you up to this, didn't he? Didn't he?! Slughorn
78%
No matter. Just in time for desert. That is if Belby's left you any. Slughorn
78%
How grand it must be to be the Chosen One. Snape
78%
Swear to it. Make the unbreakable vow. Bellatrix
76%
You need a shave, my friend. You know, at times, I forget how much you've grown. At times, I still see the small boy from the cupboard. Dumbledore
76%
True. But magic, especially dark magic…Leaves traces. Dumbledore
76%
I feel i-it's the place to be tonight. Do you know what I mean? Harry
76%
Oppugno. Hermione
76%
Mr. Davies. Mr. Davies. That is the girl's lavatory. McGonagall
76%
I think I'd know if Harry Potter was in my house, wouldn't I? Molly
76%
You've just bought yourself a month's detention, McLaggen. Not so quick, Potter. Snape
76%
Seriously misunderstood creatures, spiders are. Hagrid
73%
I know. I suppose I could have just used a confundus charm. Harry
73%
No, I've just escaped. I mean...I left Cormac under the mistletoe. Hermione
73%
It's a creepy shop, he's a creepy bloke. Ron
73%
I can't help her if she's got knickers in a twist. Ron
73%
Desperately tricky to make, disastrous should you get it wrong. Slughorn
73%
Run along, Wormtail. Snape
73%
Professor Slughorn, Sir. I've just discovered this boy lurking in an upstairs corridor. Filch
70%
Ah, about time. I've been looking all over for you two. All right. Names? Flitwick
70%
That's what it says, right here. This book is property of the Half Blood Prince. Ginny
70%
Bit of a tosser, really. Harry
70%
Ah. See? He senses my presence. Don't worry, Won-won. I'm here. I'm here. Lavender
70%
I think we agree. Potter's actions were heroic. The question is, why were they necessary? McGonagall
70%
No, we should go. The first night of the cycle is always the worst. Tonks
70%
Wouldn't mind, uh, getting on a first-name basis, know what I mean? Cormac
68%
Amused, Blaise? We'll see just who's laughing in the end. Draco
68%
Does anyone fancy a butter beer? Harry
68%
Episky. Luna
68%
I didn't get into the Slug club. It's okay, though. He's got Belby handing out towels in the loo. Neville
68%
Which, by the way, possesses remarkably subtle hints of licorice and cherry when not polluted with poison. Dumbledore
65%
Well, then, by all means, come along, sir. Harry
65%
Excuse me, I have to go and vomit. Hermione
65%
Ten galleons a leaf to the right buyer. Not that I'm familiar with any such back alley transactions, but one does hear rumours. Slughorn
65%
Has it ever crossed your brilliant mind that I don't want to do this anymore? Snape
65%
Slippery little minx, your friend...Likes to work her mouth too, doesn't she? Yeah, yeah, yeah. Cormac
62%
Dragon's blood. Dumbledore
62%
Ah, no, emergency choir practice I'm afraid, Horace. Flitwick
62%
The binding is fragile. Harry
62%
“I know I will be dead long before you read this, but I want you to know it was I who discovered your secret.” Hermione
62%
You should know, Professor Dumbledore...you meant a great deal to him. McGonagall
62%
Of course, Sir. It’ll be our little secret. Tom Riddle
62%
I think I'll pitch myself off the astronomy tower at the thought I have to continue for another two years. Draco
59%
No bigger than a Pekinese. A Pekinese, mind you. Hagrid
59%
I like riding around on trains. It takes my mind off things. Harry
59%
Is that an owl I heard? Hermione
59%
No, but I've done several toes. And how different are they, really? Luna
59%
Oi. Turn around, you lunatic. Ron
59%
The answer is still no. Absolutely and unequivocally no. Slughorn
59%
But that's life, I suppose. You-You go along and then suddenly, poof! Slughorn
59%
Shut it! Ginny
57%
Do not touch that except for the wrappers, do you understand? Hagrid
57%
Otherwise, the bowl will remain empty...forever. Harry
57%
I'm counting on you, Ron. I've two galleons on Gryffindor, yeah? Seamus
57%
He's lovely. They've been known to sing on boxing day, you know. Luna
54%
He's just a boy. Narcissa
54%
It was beautiful magic. Wondrous to behold. Slughorn
54%
You're blinded by hatred! Lupin
51%
Oh, that man. But then what would we do without him. Molly
51%
How do you know what I am? I've done things that would shock you. Draco
49%
Sorry, I'm not usually late. Ginny
49%
Divine. Had ourselves a little late-night snack, did we? Harry
49%
Your body will decay, but your spirit lingers on. And your human friends find solace in the loss they have sustained. Slughorn
49%
He's got more tentacles than a Snarfalump plant. Hermione
46%
What's this cane here, then? Filch
38%
Oh, please. What's a Wrackspurt? Ginny
38%
Probably because me dad says potions are rubbish. Says the only potion worth having is a stiff one at the end of the day. Belby
35%
That's none of your business. Ginny
32%
Now, given the circumstances, I've had to make other arrangements. Hermione
32%
Tricky contraptions though, very temperamental. Arthur
27%
Don't. Tom Riddle
24%
No matching quizzes found
Score Distribution
Percent of People with Each Score
Percentile by Number Answered
Your Score History
You have not taken this quiz